|
|
|
|
| LEADER |
00000cam a2200000 7i4500 |
| 001 |
0000001399 |
| 005 |
20150908.0 |
| 020 |
|
|
|a 0582305136
|
| 040 |
|
|
|a INS
|
| 090 |
0 |
0 |
|a TH6571.
|b P39 1982
|
| 100 |
1 |
|
|a Payne, Rolf
|
| 245 |
1 |
0 |
|a Drain maintenance :
|b Estate management
|c Rolf Payne
|
| 260 |
|
|
|a England :
|b Construction Press Longman House ,
|c 1982
|
| 300 |
|
|
|a vii :
|b 139p. ;
|c 23 cm.
|
| 500 |
|
|
|a Including index
|
| 650 |
0 |
0 |
|a Drainage house
|x Maintenance repair
|
| 650 |
0 |
0 |
|a Sewerage disposal
|x Maintenance and repair
|
| 650 |
0 |
0 |
|a Storm sewers
|x Maintanance and repair
|
| 999 |
|
|
|a 0000000875
|b BOOK
|c Open Shelf
|e Default branch
|